Solídne, ale po starom

Bibliographic Details
Main Author: Maťašík, Andrej, 1953-2017 (Author)
Format: Article
Language:Slovak
Subjects:

MARC

LEADER 00000nab a2200000 a 4500
001 vtls000344325
003 SK-MaSNL
005 20260304234045.0
008 040806c1989 xo 0 slo
015 |a SNBRB19rr/mm-uuuuu 
035 |a CL0344447 
040 |a SNKBUCL  |b slo  |c SNKBUCL  |e AACR2 
041 0 |a slo 
044 |a xo  |c SK 
080 |a 792.2  |2 1981 
100 1 |a Maťašík, Andrej,  |d 1953-2017  |4 aut  |9 102086 
245 1 0 |a Solídne, ale po starom  |c Andrej Maťašík 
600 1 7 |a Eidam, Klaus  |t Lietajúci koberec  |2 snkbucl  |9 1206502 
610 2 7 |a Štátne divadlo Košice.  |b Činohra  |2 snkbucl  |9 125502 
650 0 7 |a činohry  |2 snkbucl  |9 3325 
650 0 7 |a divadelné inscenácie  |2 snkbucl  |9 3326 
655 7 |a recenzie  |2 snkbucl  |9 21907 
655 7 |a články z novín a časopisov  |2 snkbucl  |9 267496 
773 0 |t Pravda  |g Roč. 70, č. 38 (14. 2. 1989), s. 5 
850 |a Slovenská národná knižnica v Martine  |a MTA001 
852 |a SNK  |b KIS3GCP 
999 |c 3201844  |d 3203774